000 00576nam a22001937a 4500
005 20251108173320.0
008 250721s2005 xx 000 0 ara d
020 _a9772774135
082 1 4 _a747.82/عبد
100 1 _aعبد الصمد، حمدي
245 1 0 _aفن تصميم زخرفة المساجد و ملحقاتها /
264 1 _aالقاهره :
_bدار الطلائع للنشر والتوزيع،
_c2005.
300 _a160 ص
650 1 7 _aالزخرفة
650 1 7 _aالمساجد
650 1 7 _aالمآذن
942 _2ddc
_cBK
999 _c101054
_d101054